| 000 | 00694cam a2200241 4500500 | ||
|---|---|---|---|
| 005 | 20260405003006.0 | ||
| 041 | _afre | ||
| 042 | _adc | ||
| 100 | 1 | 0 |
_aTenaillon, Nicolas _eauthor |
| 245 | 0 | 0 | _aPourquoi parlons-nous de la pluie et du beau temps ? |
| 260 | _c2019. | ||
| 500 | _a19 | ||
| 690 | _aCicéron | ||
| 690 | _aClimat | ||
| 690 | _aDiscours | ||
| 690 | _aErving Goffman | ||
| 690 | _aMétéo | ||
| 690 | _aParole | ||
| 690 | _aRoman Jakobson | ||
| 690 | _aRousseau | ||
| 786 | 0 | _nPhilosophie magazine | 134 | 11 | 2019-11-01 | p. 36-36 | 1951-1787 | |
| 856 | 4 | 1 | _uhttps://shs.cairn.info/magazine-philosophie-magazine-2019-11-page-36?lang=fr&redirect-ssocas=7080 |
| 999 |
_c2063295 _d2063295 |
||